A treatise on The Right to Information Act / (Record no. 93331)

MARC details
000 -LEADER
fixed length control field 00616nam a22001937a 4500
005 - DATE AND TIME OF LATEST TRANSACTION
control field 20150623112952.0
010 ## - LCCN (DPL NO)
LC control number ENG-112866
020 ## - INTERNATIONAL STANDARD BOOK NUMBER
Terms of availability 650.00
International Standard Book Number 9789350353585
035 ## - SYSTEM CONTROL NUMBER
System control number EN-96398
037 ## - SOURCE OF ACQUISITION
Source of stock number/acquisition DBAD/PUB
082 ## - DEWEY DECIMAL CLASSIFICATION NUMBER
Classification number 342.540853
100 ## - MAIN ENTRY--PERSONAL NAME
Personal name Jain, Anshu
245 ## - TITLE STATEMENT
Title A treatise on The Right to Information Act /
Statement of responsibility, etc by Anshu Jain ; foreworded by Dipak Misra
260 ## - PUBLICATION, DISTRIBUTION, ETC. (IMPRINT)
Place of publication, distribution, etc Delhi
Name of publisher, distributor, etc Universal Law Publishing
Date of publication, distribution, etc 2014
270 ## - ADDRESS
Address A-58 G.T. Karnal Road,Industrial Area,
City Delhi
Postal code 110033
300 ## - PHYSICAL DESCRIPTION
Extent xxvii,572p.
Dimensions 23cm(pbk)
500 ## - GENERAL NOTE
General note Includes index
942 ## - ADDED ENTRY ELEMENTS (KOHA)
Source of classification or shelving scheme Dewey Decimal Classification
Item type English Books
Call number suffix JAI
Classification part 342.540853
Holdings
Withdrawn status Lost status Not for loan Collection code Home library Current library Date acquired Source of acquisition Cost, normal purchase price Full call number Barcode Copy number Cost, replacement price Koha item type
    Not For Loan Non-fiction D.B.Act.Division D.B.Act.Division 06/05/2015 DBAD/PUB 650.00 342.540853 JAI EN-96398 1 650.00 English Books

© Delhi Public Library
Hit Counter
free hit counter